After-thought : (Record no. 20977)
[ view plain ]
| 000 -LEADER | |
|---|---|
| fixed length control field | 00600cam a22002171 4500 |
| 001 - CONTROL NUMBER | |
| control field | 20977 |
| 003 - CONTROL NUMBER IDENTIFIER | |
| rucl marc code | BD-RjUL |
| 005 - DATE AND TIME OF LATEST TRANSACTION | |
| control field | 20211209000632.0 |
| 008 - FIXED-LENGTH DATA ELEMENTS--GENERAL INFORMATION | |
| fixed length control field | 140302s1962 enk 000 1 eng d |
| 035 ## - SYSTEM CONTROL NUMBER | |
| System control number | (OCoLC)39895856 |
| System control number | (BD-RjUL)21039 |
| 040 ## - CATALOGING SOURCE | |
| Original cataloging agency | IaU |
| Transcribing agency | IaU |
| Modifying agency | BD-RjUL |
| Language of cataloging | eng |
| 041 ## - LANGUAGE CODE | |
| Language code of text/sound track or separate title | eng |
| 082 00 - DEWEY DECIMAL CLASSIFICATION NUMBER | |
| Classification number | 808.23 |
| Author mark and year | BOA 1962 |
| 100 1# - MAIN ENTRY--PERSONAL NAME | |
| Personal name | Bowen, Elizabeth, |
| Dates associated with a name | 1899-1973. |
| 9 (RLIN) | 57164 |
| 245 10 - TITLE STATEMENT | |
| Title | After-thought : |
| Statement of responsibility, etc. | Elizabeth Bowen. |
| Remainder of title | pieces about writing / |
| 260 ## - PUBLICATION, DISTRIBUTION, ETC. (IMPRINT) | |
| Place of publication, distribution, etc. | London : |
| Name of publisher, distributor, etc. | Longmans, |
| Date of publication, distribution, etc. | c1962. |
| 300 ## - PHYSICAL DESCRIPTION | |
| Pagination | 220p. ; |
| Size | 23cm. |
| 650 #0 - SUBJECT ADDED ENTRY--TOPICAL TERM | |
| Topical term or geographic name as entry element | Fiction |
| General subdivision | Technique. |
| 9 (RLIN) | 51866 |
| 942 ## - ADDED ENTRY ELEMENTS (KOHA) | |
| Source of classification or shelving scheme | Dewey Decimal Classification |
| Koha item type | Books |
| Lost status | Source of classification or shelving scheme | Damaged status | Not for loan | Collection code | Permanent Location | Current Location | Shelving location | Date acquired | Source of acquisition | Cost, normal purchase price | Total Checkouts | Full call number | Date last seen | Copy number | Koha item type |
|---|---|---|---|---|---|---|---|---|---|---|---|---|---|---|---|
| Dewey Decimal Classification | Added to bundle | Fiction | Central Library, University of Rajshahi | Central Library, University of Rajshahi | Reading Room | 21/03/1964 | Zeitlinger | 30.00 | 808.23 BOA 1962 | 02/03/2014 | C-1 | Books |